[Event "Wroclaw op-A"]
[Site "Wroclaw"]
[Date "2022.07.31"]
[Round "1"]
[White "Dobrowolski, Aleksander"]
[Black "Smietanska, Wiktoria"]
[Result "1-0"]
[WhiteElo "2219"]
[BlackElo "1919"]
[PlyCount "85"]
[EventDate "2022.07.31"]
[EventType "swiss"]
[EventRounds "9"]
[EventCountry "POL"]
[SourceTitle "CBM 209 Extra"]
[Source "ChessBase"]
[SourceDate "2022.09.30"]
[SourceVersion "1"]
[SourceVersionDate "2022.09.30"]
[SourceQuality "1"]

1. e4 c5 2. Nf3 d6 3. d4 cxd4 4. Nxd4 Nf6 5. Nc3 a6 6. Be2 e5 7. Nb3 Be7 8. 0-0 0-0 9. Kh1 Nc6 10. f4 b5 11. Nd5 Bb7 12. Be3 exf4 13. Bb6 Qd7 14. Nc5 Qc8 15. Nxf6+ Bxf6 16. Bg4 Qb8 17. Nd7 Qe8 18. Qxd6 Bxb2 19. Rab1 Be5 20. Qxf8+ Qxf8 21. Nxf8 Rxf8 22. Rbd1 g6 23. Rd5 Kg7 24. Bc5 Ra8 25. Bd6 Bxd6 26. Rxd6 Ne5 27. Rxf4 Nxg4 28. Rxg4 Rc8 29. Rd2 Rc4 30. Re2 f5 31. Rg3 Bxe4 32. Ra3 Rc6 33. Kg1 Bxc2 34. Re7+ Kg8 35. Ra7 Be4 36. R3xa6 Rc1+ 37. Kf2 f4 38. Re6 Rc2+ 39. Ke1 Bc6 40. Rc7 Rxg2 41. Rexc6 Rxa2 42. Rb6 Ra8 43. Rxb5 1-0

[Event "Wroclaw Anderssen Memorial op"]
[Site "Wroclaw"]
[Date "2018.08.05"]
[Round "8"]
[White "Djuric, Stefan"]
[Black "Dobrowolski, Aleksander"]
[Result "1-0"]
[WhiteElo "2352"]
[BlackElo "2245"]
[PlyCount "71"]
[EventDate "2018.08.04"]
[EventType "swiss (rapid)"]
[EventRounds "13"]
[EventCountry "POL"]
[SourceTitle "CBM 185 Extra"]
[Source "ChessBase"]
[SourceDate "2018.07.29"]
[SourceVersion "1"]
[SourceVersionDate "2018.07.29"]
[SourceQuality "1"]

1. e4 c5 2. Nf3 Nc6 3. c3 d5 4. e5 Bf5 5. Bb5 e6 6. 0-0 Nge7 7. d4 a6 8. Be2 c4 9. Nh4 Bg6 10. b3 b5 11. a4 Nf5 12. Nxg6 hxg6 13. Na3 Rb8 14. axb5 axb5 15. bxc4 bxc4 16. Qa4 Qd7 17. Nb5 Be7 18. Ba3 Bxa3 19. Rxa3 0-0 20. g4 Nh4 21. Nd6 Rb2 22. Ra2 Rxa2 23. Qxa2 f6 24. f4 fxe5 25. fxe5 Rxf1+ 26. Kxf1 g5 27. Qa8+ Kh7 28. Qf8 Ng6 29. Qf7 Ncxe5 30. dxe5 Nxe5 31. Qxd7 Nxd7 32. Kf2 Nc5 33. Ke3 e5 34. Nf7 Ne4 35. Nxe5 Nxc3 36. Bf3 1-0

[Event "Wroclaw Anderssen Memorial op"]
[Site "Wroclaw"]
[Date "2018.08.05"]
[Round "10"]
[White "Dobrowolski, Aleksander"]
[Black "Pawlowski, Rafal"]
[Result "1-0"]
[WhiteElo "2245"]
[BlackElo "1791"]
[PlyCount "75"]
[EventDate "2018.08.04"]
[EventType "swiss (rapid)"]
[EventRounds "13"]
[EventCountry "POL"]
[SourceTitle "CBM 185 Extra"]
[Source "ChessBase"]
[SourceDate "2018.07.29"]
[SourceVersion "1"]
[SourceVersionDate "2018.07.29"]
[SourceQuality "1"]

1. e4 e6 2. d4 d5 3. Nc3 Bb4 4. e5 b6 5. a3 Bf8 6. Nf3 Qd7 7. b4 c5 8. bxc5 bxc5 9. Bb5 Nc6 10. 0-0 c4 11. Na4 Qc7 12. Bd2 a6 13. Ba5 Qxa5 14. Bxc6+ Bd7 15. Bxa8 Bxa4 16. Qb1 Qb5 17. Qxb5+ axb5 18. Bc6+ Kd8 19. Rfb1 Kc7 20. Bxb5 Bxc2 21. Rb2 Bg6 22. a4 Nh6 23. a5 Be7 24. a6 Ra8 25. a7 Be4 26. Ne1 Bg6 27. f4 Nf5 28. Nc2 f6 29. Bc6 Rxa7 30. Rxa7+ Kxc6 31. g4 c3 32. Rba2 Nh4 33. Rxe7 Nf3+ 34. Kf2 Bxc2 35. Rxc2 Nxd4 36. Rxc3+ Kb5 37. Rxg7 fxe5 38. fxe5 1-0

[Event "Wroclaw Anderssen Memorial op"]
[Site "Wroclaw"]
[Date "2018.08.05"]
[Round "11"]
[White "Sabuk, Piotr"]
[Black "Dobrowolski, Aleksander"]
[Result "1-0"]
[WhiteElo "2377"]
[BlackElo "2245"]
[PlyCount "153"]
[EventDate "2018.08.04"]
[EventType "swiss (rapid)"]
[EventRounds "13"]
[EventCountry "POL"]
[SourceTitle "CBM 185 Extra"]
[Source "ChessBase"]
[SourceDate "2018.07.29"]
[SourceVersion "1"]
[SourceVersionDate "2018.07.29"]
[SourceQuality "1"]

1. d4 d5 2. c4 e6 3. Nf3 Nf6 4. g3 dxc4 5. Bg2 c5 6. 0-0 Nc6 7. dxc5 Qxd1 8. Rxd1 Bxc5 9. Nbd2 c3 10. bxc3 0-0 11. Nb3 Be7 12. Bb2 Bd7 13. Nfd4 Rac8 14. Nb5 Ne5 15. Na3 b6 16. Rd4 Bc6 17. e4 Ba8 18. c4 Rfe8 19. Rc1 a6 20. c5 Bxc5 21. Nxc5 bxc5 22. Ra4 Nd3 23. Rb1 Rb8 24. Bxf6 gxf6 25. f3 Nb4 26. Nc4 Rbd8 27. Ra5 Rd4 28. Bf1 Red8 29. a3 Nc2 30. Rxa6 f5 31. Rc1 Rxc4 32. Bxc4 Ne3 33. Be2 fxe4 34. Kf2 Nf5 35. fxe4 Bxe4 36. Rxc5 Rd2 37. Ke1 Ra2 38. Ra4 Bd5 39. Rg4+ Kf8 40. a4 Ne3 41. Rg5 Nc2+ 42. Kf1 Nd4 43. Bd1 Ra1 44. Rc8+ Ke7 45. Rxd5 exd5 46. Ke1 Nf3+ 47. Ke2 Nd4+ 48. Kd2 Ra2+ 49. Kd3 Ne6 50. h4 Kd6 51. g4 h6 52. Ra8 Ke5 53. a5 Nc5+ 54. Kc3 d4+ 55. Kc4 Ne6 56. Bb3 Ra1 57. Kb4 d3 58. Bxe6 fxe6 59. Kc3 Ke4 60. Rd8 Ra3+ 61. Kd2 Ra2+ 62. Kc3 Rc2+ 63. Kb3 Rc6 64. g5 hxg5 65. hxg5 e5 66. Kb4 Ke3 67. Kb5 Rg6 68. a6 Rg7 69. Kb6 Kf4 70. a7 Rxa7 71. Kxa7 Kxg5 72. Kb6 e4 73. Kc5 Kf4 74. Kd4 d2 75. Kc3 e3 76. Rf8+ Ke4 77. Kc2 1-0

[Event "Wroclaw Anderssen Memorial op"]
[Site "Wroclaw"]
[Date "2018.08.04"]
[Round "4"]
[White "Dobrowolski, Aleksander"]
[Black "Kowalczyk, Pawel"]
[Result "0-1"]
[WhiteElo "2245"]
[BlackElo "2337"]
[PlyCount "126"]
[EventDate "2018.08.04"]
[EventType "swiss (rapid)"]
[EventRounds "13"]
[EventCountry "POL"]
[SourceTitle "CBM 185 Extra"]
[Source "ChessBase"]
[SourceDate "2018.07.29"]
[SourceVersion "1"]
[SourceVersionDate "2018.07.29"]
[SourceQuality "1"]

1. e4 d5 2. exd5 Nf6 3. Nf3 Nxd5 4. d4 g6 5. c4 Nb6 6. Nc3 Bg7 7. c5 Nd5 8. Bc4 Nxc3 9. bxc3 0-0 10. 0-0 b6 11. cxb6 axb6 12. Ne5 e6 13. Qf3 Ra5 14. Re1 Ba6 15. Nxf7 Rxf7 16. Bxe6 Raf5 17. Bxf5 Rxf5 18. Qa8 Bc4 19. Qe4 Qf8 20. Qe8 Rxf2 21. Qxf8+ Rxf8 22. Ba3 c5 23. Rad1 Nc6 24. dxc5 Ra8 25. cxb6 Rxa3 26. b7 Ba6 27. Rd7 Rxc3 28. Re8+ Bf8 29. Ra8 Rc1+ 30. Kf2 Rc2+ 31. Kg3 Rxa2 32. b8Q Nxb8 33. Rxb8 Ra3+ 34. Kf2 Ra5 35. h3 Rf5+ 36. Kg3 Bc4 37. h4 Bf7 38. Rdd8 Be6 39. Rb7 Rf7 40. Rxf7 Kxf7 41. Ra8 Bd6+ 42. Kf2 h5 43. g3 Bc5+ 44. Ke1 Kf6 45. Ra6 Bd4 46. Rc6 Kf5 47. Ra6 Ke5 48. Rc6 Bf5 49. Ke2 Ke4 50. Rc4 Bg4+ 51. Kf1 Ke3 52. Kg2 Be2 53. Rc7 Bf3+ 54. Kh2 Kf2 55. Rc2+ Be2 56. Rc6 Bd3 57. Rd6 Ke3 58. Kg2 Be4+ 59. Kh2 Bc5 60. Rd7 Kf2 61. Rf7+ Bf5 62. Rb7 Bd4 63. Rc7 Kf1 0-1

[Event "Wroclaw Anderssen Memorial op"]
[Site "Wroclaw"]
[Date "2018.08.04"]
[Round "7"]
[White "Mirski, Michal"]
[Black "Dobrowolski, Aleksander"]
[Result "0-1"]
[WhiteElo "1981"]
[BlackElo "2245"]
[PlyCount "36"]
[EventDate "2018.08.04"]
[EventType "swiss (rapid)"]
[EventRounds "13"]
[EventCountry "POL"]
[SourceTitle "CBM 185 Extra"]
[Source "ChessBase"]
[SourceDate "2018.07.29"]
[SourceVersion "1"]
[SourceVersionDate "2018.07.29"]
[SourceQuality "1"]

1. e4 c5 2. Nc3 Nc6 3. Nge2 e6 4. d4 cxd4 5. Nxd4 a6 6. Nxc6 bxc6 7. Bd3 d5 8. 0-0 Nf6 9. e5 Nd7 10. f4 Be7 11. Qe2 g6 12. g4 c5 13. f5 gxf5 14. gxf5 c4 15. fxe6 Qb6+ 16. Be3 Qxe6 17. Nxd5 Qxd5 18. Rxf7 Rg8+ 0-1

[Event "Wroclaw Anderssen Memorial op"]
[Site "Wroclaw"]
[Date "2018.08.04"]
[Round "3"]
[White "Zwardon, Vojtech"]
[Black "Dobrowolski, Aleksander"]
[Result "0-1"]
[WhiteElo "2452"]
[BlackElo "2245"]
[PlyCount "142"]
[EventDate "2018.08.04"]
[EventType "swiss (rapid)"]
[EventRounds "13"]
[EventCountry "POL"]
[SourceTitle "CBM 185 Extra"]
[Source "ChessBase"]
[SourceDate "2018.07.29"]
[SourceVersion "1"]
[SourceVersionDate "2018.07.29"]
[SourceQuality "1"]

1. c4 e6 2. Nc3 d5 3. d4 Be7 4. cxd5 exd5 5. Bf4 Nf6 6. e3 Bf5 7. Qb3 Nc6 8. a3 Na5 9. Qd1 0-0 10. Nf3 Re8 11. Bd3 Bxd3 12. Qxd3 Nc4 13. b3 Nd6 14. 0-0 c6 15. Rfc1 Nde4 16. b4 a6 17. Rab1 Bd6 18. Be5 Nxc3 19. Rxc3 Ne4 20. Rc2 f6 21. Bg3 Bxg3 22. hxg3 Qd7 23. a4 Nd6 24. Nd2 Qg4 25. Nb3 Re7 26. Na5 Rf8 27. Qa3 Rd8 28. b5 axb5 29. axb5 cxb5 30. Rc5 Qe4 31. Rbc1 Nc4 32. Qb4 Nxe3 33. f3 Qd3 34. Re1 Nc2 35. Rxc2 Rxe1+ 36. Qxe1 Qxc2 37. Nxb7 Rf8 38. Qe6+ Kh8 39. Nd6 Qc7 40. Nxb5 Qf7 41. Qd6 Ra8 42. g4 h5 43. g5 fxg5 44. Qe5 Qf4 45. Qxf4 gxf4 46. Nc7 Ra5 47. Ne6 Ra4 48. Nxf4 Rxd4 49. Nxh5 Rd2 50. Nf4 Kg8 51. Kf1 g5 52. Ke1 Ra2 53. Nxd5 Rxg2 54. f4 g4 55. Kf1 Rg3 56. Kf2 Rf3+ 57. Kg2 Kf7 58. f5 Rxf5 59. Ne3 Rf4 60. Kh2 Kg6 61. Ng2 Re4 62. Kg3 Kg5 63. Kf2 Ra4 64. Kg3 Ra3+ 65. Kf2 g3+ 66. Ke2 Kg4 67. Kf1 Ra1+ 68. Ke2 Kh3 69. Nf4+ Kh2 70. Kf3 Rf1+ 71. Kg4 Rxf4+ 0-1

[Event "Wroclaw op"]
[Site "Wroclaw"]
[Date "2018.08.03"]
[Round "8"]
[White "Dobrowolski, Aleksander"]
[Black "Mroziak, Maciej"]
[Result "1/2-1/2"]
[WhiteElo "2245"]
[BlackElo "2404"]
[PlyCount "71"]
[EventDate "2018.07.30"]
[EventType "swiss"]
[EventRounds "9"]
[EventCountry "POL"]
[SourceTitle "CBM 185 Extra"]
[Source "ChessBase"]
[SourceDate "2018.07.29"]
[SourceVersion "1"]
[SourceVersionDate "2018.07.29"]
[SourceQuality "1"]

1. e4 c5 2. Nf3 d6 3. d4 cxd4 4. Nxd4 Nf6 5. Nc3 g6 6. Be3 Bg7 7. f3 0-0 8. Qd2 Nc6 9. Bc4 Nd7 10. 0-0-0 Nb6 11. Be2 d5 12. Nxc6 bxc6 13. Bh6 Be6 14. Bxg7 Kxg7 15. Qd4+ f6 16. h4 Bf7 17. e5 Qc7 18. exf6+ exf6 19. h5 Qe5 20. f4 Qxd4 21. h6+ Kg8 22. Rxd4 c5 23. Rdd1 Rfe8 24. Bf3 Rad8 25. Rhe1 Rxe1 26. Rxe1 Kf8 27. g3 f5 28. b3 a5 29. Nb5 Rd7 30. a4 Re7 31. Rxe7 Kxe7 32. Kd2 Be8 33. Nc3 Bf7 34. Nb5 Be8 35. Nc3 Bf7 36. Nb5 1/2-1/2

[Event "POL-chT3 Dolnoslaskie 1718"]
[Site "Poland"]
[Date "2018.02.18"]
[Round "8.2"]
[White "Dobrowolski, Aleksander"]
[Black "Dmochowska, Agnieszka"]
[Result "1-0"]
[WhiteElo "2272"]
[BlackElo "2073"]
[PlyCount "66"]
[EventDate "2017.10.08"]
[EventType "team-tourn"]
[EventRounds "11"]
[EventCountry "POL"]
[SourceTitle "EXT 2019"]
[Source "ChessBase"]
[SourceDate "2018.10.10"]
[SourceVersion "1"]
[SourceVersionDate "2018.10.10"]
[SourceQuality "1"]

1. e4 c5 2. Nf3 d6 3. d4 cxd4 4. Nxd4 Nf6 5. Nc3 Nc6 6. Bg5 e6 7. Qd2 a6 8. 0-0-0 Be7 9. Bxf6 gxf6 10. f4 Nxd4 11. Qxd4 Qa5 12. Bc4 Bd7 13. f5 Qe5 14. Qb6 Rc8 15. Bb3 Bc6 16. Kb1 0-0 17. fxe6 fxe6 18. Qe3 Kh8 19. Qh3 Bd7 20. Ne2 f5 21. Nd4 fxe4 22. Bxe6 Bxe6 23. Nxe6 Bf6 24. c3 Rfe8 25. Nd4 e3 26. Rhe1 Rc4 27. Rd3 Bg5 28. Qf5 Qe7 29. h4 Bh6 30. Qh5 Qe4 31. Ka1 Bf4 32. Nf5 Rc5 33. Rd4 Qxf5 1-0

[Event "POL-chT3 Dolnoslaskie 1718"]
[Site "Poland"]
[Date "2018.01.07"]
[Round "6.7"]
[White "Walentukiewicz, Michal"]
[Black "Dobrowolski, Aleksander"]
[Result "0-1"]
[WhiteElo "2011"]
[BlackElo "2272"]
[PlyCount "93"]
[EventDate "2017.10.08"]
[EventType "team-tourn"]
[EventRounds "11"]
[EventCountry "POL"]
[SourceTitle "EXT 2019"]
[Source "ChessBase"]
[SourceDate "2018.10.10"]
[SourceVersion "1"]
[SourceVersionDate "2018.10.10"]
[SourceQuality "1"]

1. e4 c5 2. Nf3 Nc6 3. d4 cxd4 4. Nxd4 e6 5. Nc3 a6 6. g3 Qc7 7. Bg2 Nf6 8. 0-0 d6 9. Re1 Rb8 10. Nxc6 bxc6 11. b3 Be7 12. Bb2 0-0 13. Qe2 c5 14. Na4 Nd7 15. Rad1 c4 16. Rd4 cxb3 17. Rc4 Qa5 18. cxb3 Bb7 19. Bc3 Qb5 20. Qb2 Ne5 21. Rb4 Qc6 22. Bxe5 dxe5 23. Rb6 Qd7 24. Qxe5 Qd2 25. Qa1 Rfd8 26. e5 Bxg2 27. Rxb8 Rxb8 28. Kxg2 Rc8 29. Rd1 Qe2 30. Re1 Qd2 31. Qd1 Rc2 32. Qxd2 Rxd2 33. Rc1 g5 34. Rc8+ Kg7 35. Nc3 g4 36. Rc4 h5 37. Ra4 a5 38. Rc4 Bb4 39. a4 Rb2 40. Ne4 Rxb3 41. Nf6 Kg6 42. Rc8 Kf5 43. Rc7 Kxe5 44. Rxf7 Rd3 45. Nd7+ Kd6 46. Nf6 Kc6 47. Nd7 0-1

[Event "POL-chT 2nd League"]
[Site "Szklarska Poreba"]
[Date "2017.09.09"]
[Round "8.9"]
[White "Dobrowolski, Aleksander"]
[Black "Walter, Szymon"]
[Result "1-0"]
[WhiteElo "2266"]
[BlackElo "2263"]
[PlyCount "57"]
[EventDate "2017.09.02"]
[EventType "team-swiss"]
[EventRounds "9"]
[EventCountry "POL"]
[SourceTitle "CBM 180 Extra"]
[Source "ChessBase"]
[SourceDate "2017.10.06"]
[SourceVersion "1"]
[SourceVersionDate "2017.10.06"]
[SourceQuality "1"]
[WhiteTeam "Pegow Wieza"]
[BlackTeam "Podlesie UKS 21"]
[WhiteTeamCountry "POL"]
[BlackTeamCountry "POL"]

1. e4 e6 2. d4 d5 3. Nc3 Nf6 4. e5 Ne4 5. Nxe4 dxe4 6. Bc4 a6 7. Ne2 b5 8. Bb3 c5 9. c3 Bb7 10. 0-0 Nc6 11. Bc2 cxd4 12. Bxe4 dxc3 13. Nxc3 Qc7 14. Bf4 Be7 15. Rc1 Rd8 16. Qh5 Qb8 17. Nxb5 axb5 18. Bxc6+ Bxc6 19. Rxc6 0-0 20. Rfc1 Qa8 21. Rc7 Bb4 22. Bg5 Rd5 23. Qg4 Bd2 24. Bf6 g6 25. R1c2 Qxa2 26. h4 Qb1+ 27. Kh2 Qe1 28. Rxf7 Bf4+ 29. Qxf4 1-0

[Event "POL-chT 2nd League"]
[Site "Jastrzebia Gora"]
[Date "2015.09.07"]
[Round "3.16"]
[White "Nowak, Kamil"]
[Black "Dobrowolski, Aleksander"]
[Result "1-0"]
[WhiteElo "2133"]
[BlackElo "2281"]
[PlyCount "117"]
[EventDate "2015.09.05"]
[EventType "team-swiss"]
[EventRounds "9"]
[EventCountry "POL"]
[SourceTitle "EXT 2017"]
[Source "ChessBase"]
[SourceDate "2016.10.25"]
[SourceVersion "1"]
[SourceVersionDate "2016.10.25"]
[SourceQuality "1"]
[WhiteTeam "Wroclaw MUKS MDK Fabryczna"]
[BlackTeam "Pegow Wieza"]
[WhiteTeamCountry "POL"]
[BlackTeamCountry "POL"]

1. e4 c5 2. Nf3 Nc6 3. d4 cxd4 4. Nxd4 e6 5. Nc3 a6 6. Be3 Nf6 7. Bd3 Qc7 8. 0-0 Nxd4 9. Bxd4 Bc5 10. Bxc5 Qxc5 11. Kh1 d6 12. Qe1 e5 13. f4 Be6 14. Rd1 0-0 15. f5 Bd7 16. Nd5 Nxd5 17. exd5 f6 18. Be4 Be8 19. Rf3 Bh5 20. Rc3 Qa5 21. Rc1 Rac8 22. Rb3 Qxe1+ 23. Rxe1 Rc7 24. Rb6 Rd8 25. Kg1 Rdd7 26. Re3 g5 27. b3 Bf7 28. c4 Kf8 29. Kf2 h5 30. Rc3 Ke7 31. g3 Rd8 32. h3 Rdd7 33. Ke3 Rd8 34. b4 Rdd7 35. a4 Rd8 36. a5 Rdd7 37. Rc1 Bg8 38. Bf3 Bf7 39. Rc2 Rd8 40. c5 dxc5 41. Rxc5 Rxc5 42. Rxb7+ Kf8 43. bxc5 Bxd5 44. Rb6 Ke7 45. Rxa6 Bxf3 46. Kxf3 Rd3+ 47. Ke4 Rxg3 48. Re6+ Kd7 49. Rxf6 Rxh3 50. Kxe5 g4 51. a6 Ra3 52. Rd6+ Kc7 53. f6 Rf3 54. a7 Kb7 55. Rd7+ Ka8 56. f7 g3 57. Ke4 Rf6 58. Rd8+ Kxa7 59. f8Q 1-0

[Event "EU-ch rapid"]
[Site "Wroclaw"]
[Date "2014.12.21"]
[Round "10"]
[White "Kosyrev, Vladimir"]
[Black "Dobrowolski, Aleksander"]
[Result "1-0"]
[WhiteElo "2520"]
[BlackElo "2274"]
[PlyCount "105"]
[EventDate "2014.12.20"]
[EventType "swiss (rapid)"]
[EventRounds "11"]
[EventCountry "POL"]
[SourceTitle "CBM 164 Extra"]
[Source "ChessBase"]
[SourceDate "2015.03.02"]
[SourceVersion "1"]
[SourceVersionDate "2015.03.02"]
[SourceQuality "1"]

1. d4 d5 2. c4 e6 3. Nc3 Be7 4. Nf3 Nf6 5. Bg5 0-0 6. e3 h6 7. Bh4 Ne4 8. Bxe7 Qxe7 9. cxd5 Nxc3 10. bxc3 exd5 11. Qb3 Rd8 12. c4 dxc4 13. Bxc4 Nc6 14. Be2 b6 15. 0-0 Bb7 16. Rac1 Rac8 17. a3 Na5 18. Qb4 c5 19. dxc5 Rxc5 20. Rxc5 Qxc5 21. Qxc5 bxc5 22. Rc1 Bxf3 23. gxf3 Nb3 24. Rc3 Rd2 25. Bb5 Rb2 26. Bc6 a5 27. Kg2 Kf8 28. Ba4 Nd2 29. Rxc5 Ra2 30. Bc6 Rxa3 31. Bd5 f6 32. Rc7 Rd3 33. Be6 Rd6 34. Ba2 g5 35. Ra7 h5 36. Rxa5 Kg7 37. h3 h4 38. Bd5 f5 39. Bb7 Kg6 40. Bc8 Rf6 41. Rc5 Nb3 42. Rb5 Nd2 43. Rb4 Rc6 44. Bd7 Rd6 45. Ba4 Kf6 46. Bc2 Rc6 47. Bd3 Rd6 48. Be2 Kg6 49. Rb8 Kf6 50. Bb5 Kg6 51. Rf8 Nb3 52. Be8+ Kh6 53. Rxf5 1-0

[Event "EU-ch rapid"]
[Site "Wroclaw"]
[Date "2014.12.20"]
[Round "3"]
[White "Dobrowolski, Aleksander"]
[Black "Shimanov, Aleksandr"]
[Result "0-1"]
[WhiteElo "2274"]
[BlackElo "2591"]
[PlyCount "95"]
[EventDate "2014.12.20"]
[EventType "swiss (rapid)"]
[EventRounds "11"]
[EventCountry "POL"]
[SourceTitle "CBM 164 Extra"]
[Source "ChessBase"]
[SourceDate "2015.03.02"]
[SourceVersion "1"]
[SourceVersionDate "2015.03.02"]
[SourceQuality "1"]

1. e4 c6 2. d4 d5 3. Nd2 dxe4 4. Nxe4 Bf5 5. Ng3 Bg6 6. h4 h6 7. Nf3 Nd7 8. h5 Bh7 9. Bd3 Bxd3 10. Qxd3 e6 11. Bd2 a5 12. 0-0-0 Bb4 13. c3 Be7 14. Ne4 Ngf6 15. Nxf6+ Nxf6 16. Ne5 Qd5 17. c4 Qe4 18. Qxe4 Nxe4 19. Be3 a4 20. g4 Nd6 21. f4 Bf6 22. c5 Bxe5 23. dxe5 Nb5 24. f5 a3 25. fxe6 fxe6 26. g5 hxg5 27. Bxg5 0-0 28. h6 axb2+ 29. Kxb2 Rf2+ 30. Rd2 Rxd2+ 31. Bxd2 Rd8 32. Bg5 Rd5 33. hxg7 Kxg7 34. Bf6+ Kg6 35. Rg1+ Kf5 36. Rg7 Rd2+ 37. Kb3 Ke4 38. Rxb7 Nd4+ 39. Ka3 Kd5 40. Rb2 Nb5+ 41. Kb3 Rd3+ 42. Kb4 Rd4+ 43. Ka5 Na3 44. Rb8 Nc4+ 45. Ka6 Kxc5 46. a4 Rd5 47. a5 Rd7 48. Rb1 0-1

[Event "POL-chT 2nd League"]
[Site "Szczyrk"]
[Date "2014.09.14"]
[Round "9.10"]
[White "Dobrowolski, Aleksander"]
[Black "Sliwerski, Radoslaw"]
[Result "0-1"]
[WhiteElo "2248"]
[BlackElo "2118"]
[PlyCount "94"]
[EventDate "2014.09.06"]
[EventType "team-swiss"]
[EventRounds "9"]
[EventCountry "POL"]
[SourceTitle "EXT 2015"]
[Source "ChessBase"]
[SourceDate "2014.11.20"]
[SourceVersion "1"]
[SourceVersionDate "2014.11.20"]
[SourceQuality "1"]
[WhiteTeam "Pegow Wieza"]
[BlackTeam "Miedzyborow Wrzos"]
[WhiteTeamCountry "POL"]
[BlackTeamCountry "POL"]

1. e4 c5 2. Nf3 d6 3. d4 cxd4 4. Nxd4 Nf6 5. Nc3 a6 6. Be2 e5 7. Nb3 Be7 8. 0-0 0-0 9. Kh1 Nc6 10. f4 b5 11. Nd5 Be6 12. fxe5 dxe5 13. Nxe7+ Nxe7 14. Bg5 Qxd1 15. Bxd1 Rac8 16. Bxf6 gxf6 17. Rxf6 Rfd8 18. Rf2 Rc4 19. Bf3 Nc6 20. c3 b4 21. Rc1 a5 22. Rd2 Rc8 23. Rdd1 a4 24. Nd2 Rc5 25. c4 Nd4 26. b3 axb3 27. axb3 Ra8 28. Kg1 Ra2 29. Rb1 Kg7 30. Kf1 Rca5 31. h3 Rc2 32. Rbc1 Rxd2 33. Rxd2 Nxb3 34. Rdc2 Nxc1 35. Rxc1 b3 36. Ke2 Ra4 37. Kd3 Ra2 38. Kc3 Bxc4 39. Bd1 Be6 40. Bf3 Ra7 41. Rb1 Rc7+ 42. Kd3 Rc2 43. Bd1 Bc4+ 44. Ke3 Rxg2 45. Bf3 Rc2 46. Bd1 Rh2 47. Bf3 b2 0-1

[Event "Wroclaw op 9th"]
[Site "Wroclaw"]
[Date "2014.06.30"]
[Round "4"]
[White "Dobrowolski, Aleksander"]
[Black "Piotrowski, Przemyslaw"]
[Result "0-1"]
[WhiteElo "2281"]
[BlackElo "2132"]
[PlyCount "65"]
[EventDate "2014.06.29"]
[EventType "swiss"]
[EventRounds "9"]
[EventCountry "POL"]
[SourceTitle "EXT 2015"]
[Source "ChessBase"]
[SourceDate "2014.11.20"]
[SourceVersion "1"]
[SourceVersionDate "2014.11.20"]
[SourceQuality "1"]

1. e4 c5 2. Nf3 d6 3. d4 cxd4 4. Nxd4 Nf6 5. Nc3 Nc6 6. Bg5 e6 7. Qd2 a6 8. 0-0-0 Bd7 9. f4 b5 10. Bxf6 gxf6 11. Kb1 Qb6 12. Nxc6 Bxc6 13. Qe1 Ra7 14. Bd3 Qc5 15. Qh4 Be7 16. Qh6 b4 17. Ne2 d5 18. Qg7 Rf8 19. Ng3 d4 20. Rhe1 a5 21. e5 f5 22. Bxf5 exf5 23. Nxf5 Rd7 24. Nd6+ Kd8 25. Nxf7+ Kc7 26. e6 Rd5 27. g4 Kb6 28. Ne5 Bf6 29. Nc4+ Ka6 30. Qh6 Be7 31. b3 Rf6 32. Qxh7 Rxf4 33. Rf1 0-1